Is it in Michigan? Sudden Death & Wammies - Statistics

General Stats
  • This quiz has been taken 40 times
    33 since last reset
  • The average score is 15 of 18
Answers on the Grid
Answers color-coded by a green-red scale on the quiz's grid according to % correct below.
Lake Erie
Lake Ontario
Lake Huron
Lake Michigan
Lake Superior
Milwaukee
wild bison
Detroit
Toronto
Grand Rapids
Kalamazoo
Isle Royale National Park
Ann Arbor
Flint
the Soo Locks
polar bears
moose
Driftless Area
birthplace of Michael Jackson
Marquette
Lake Okeechobee
Sault Ste. Marie
Green Bay
Sleeping Bear Dunes
Put-in-Bay
Pictured Rocks lakeshore
Mackinac Island
12 native tribes
 
Answer Stats
Answer % Correct
Detroit
100%
Lake Michigan
100%
Flint
96%
Ann Arbor
93%
Grand Rapids
93%
Sleeping Bear Dunes
89%
Lake Huron
86%
Lake Superior
86%
Kalamazoo
82%
Mackinac Island
82%
12 native tribes
79%
Lake Erie
75%
Marquette
75%
Isle Royale National Park
71%
Sault Ste. Marie
68%
moose
64%
the Soo Locks
64%
Pictured Rocks lakeshore
61%
No matching quizzes found
Score Distribution
Percent of People with Each Score
Percentile by Number Answered
Your Score History
You have not taken this quiz since the last reset